000 00862nam a2200313Ia 4500
001 Z_1567
003 CHAP
008 220113s9999 xx 000 0 und d
010 _a164655
020 _a0-12-528481-0
040 _cCHAP
082 _a636.20852 O77 1992
100 _aØrskov, E. R.
_983754
245 _aProtein nutrition in ruminants /
_cE.R. Ørskov
250 _a2a ed.
260 _aSan Diego, California :
_bAcademic Press,
_c
300 _aviii, 175 p.
503 _a169245 \ ej.2: 180505
504 _aBibliografía: p. 170 - 171
650 _aProteínas en la alimentacion animal
_9138706
650 _aRumiantes
_x
_x Alimentos y alimentación\
_9138707
650 _aRumiantes
_x
_x Nutrición
_9138305
901 _a636.20852 O77 1992
902 _aM
910 _a
942 _c1
942 _cc1
999 _c164655
_d164655